| 000 | 00718nam a2200217Ia 4500 | ||
|---|---|---|---|
| 999 |
_c37250 _d37250 |
||
| 001 | 3209 | ||
| 003 | GE_BSU | ||
| 005 | 20221101152404.0 | ||
| 008 | 181216s1997ru xx |||||||||||||| ||rus|| | ||
| 020 | _a5735701258 | ||
| 040 | _cGE_BSU | ||
| 041 | _arus | ||
| 080 | _a330.1(075.8) Б-82 | ||
| 100 |
_aБорисов, Е. Ф. _915696 |
||
| 245 |
_aЭкономическая теория :Учебник / _cЕ. Ф. Борисов. |
||
| 264 |
_aМосква : _bЮристь, _c1997. |
||
| 300 | _a568 ст.: | ||
| 653 | _aЭкономическая теория Учебник | ||
| 653 | _aეკონომიკური თეორიის სახელმძღვანელო | ||
| 942 |
_cBK _2udc |
||